header

Review of the Fialuridine (FIAU) clinical trials (Record no. 70461)

MARC details
000 -LEADER
fixed length control field 01468nam a2200349 a 4500
082 04 - DEWEY DECIMAL CLASSIFICATION NUMBER
Classification number 616.3/623061
245 00 - TITLE STATEMENT
Title Review of the Fialuridine (FIAU) clinical trials
260 ## - PUBLICATION, DISTRIBUTION, ETC. (IMPRINT)
Place of publication Washington, DC :
Name of publisher National Academy Press,
Year of publication 1995.
300 ## - PHYSICAL DESCRIPTION
Number of Pages ix, 269 p.
500 ## - GENERAL NOTE
General note "Committee to Review the Fialuridine (FIAU/FIAC) Clinical Trials, Division of Health Sciences Policy, Institute of Medicine".
650 #0 - SUBJECT ADDED ENTRY--TOPICAL TERM
Topical Term Hepatitis B
Topical Term Fialuridine
Topical Term Fiacitabine
Topical Term Clinical trials
700 1# - ADDED ENTRY--PERSONAL NAME
Personal name Manning, Frederick J.
Personal name Swartz, Morton N.
856 40 - ELECTRONIC LOCATION AND ACCESS
Uniform Resource Identifier http://site.ebrary.com/lib/rucke/Doc?id=10056943

No items available.

© 2026 Rongo University
Contact us: librarian | system librarian | Rongo university